Statistics for Name a Valid Country #3

Click here to take the quiz!

General Stats

  • This quiz has been taken 47,583 times
    (47,150 since last reset)
  • The average score is 15 of 20

Answer Stats

Name a country... Answer % Correct
whose name begins with JJapan | Jamaica | Jordan
98%
whose currency is the rupeeIndia | Nepal | Pakistan | Mauritius | Seychelles | Sri Lanka
92%
whose capital begins with "San"Chile | Costa Rica | Dominican Republic |
El Salvador | San Marino | Yemen
86%
that is considered one of the three Baltic StatesEstonia | Latvia | Lithuania
84%
countries with "equator" in their name (in some form)Ecuador | Equatorial Guinea
83%
with a life expectancy of more than 83 yearsMonaco | Japan | Singapore | San Marino | Iceland
83%
that has orange on its flagArmenia | Bhutan | India | Ireland | Ivory Coast |
Marshall Islands | Nicaragua | Niger | Sri Lanka | Zambia
79%
whose capital city is colder than MoscowMongolia | Kazakhstan | Iceland | Norway
77%
whose capital is on the Danube RiverAustria | Hungary | Serbia | Slovakia
77%
whose name starts with A, but doesn't end in AAfghanistan | Azerbaijan
74%
that has territory on the Indochina peninsulaCambodia | Laos | Malaysia | Myanmar | Thailand | Vietnam
73%
that have territory in the PyreneesAndorra | France | Spain
72%
that has more Shias than SunnisAzerbaijan | Bahrain | Iran | Iraq | Lebanon
69%
countries with at least 10,000 U.S. troops
(not including the U.S.)
Japan | Germany | Italy | South Korea
68%
with no airportsAndorra | Liechtenstein | Monaco | San Marino | Vatican City
67%
that is in Africa and has Portuguese
as an official language
Angola | Cape Verde | Equatorial Guinea | Guinea-Bissau |
Mozambique | São Tomé and Príncipe
63%
with a high percentage of its territory in the CaucasusArmenia | Azerbaijan | Georgia
61%
that borders the Coral SeaAustralia | Solomon Islands | Papua New Guinea | Vanuatu
59%
has part of the Atlas MountainsAlgeria | Morocco | Tunisia
49%
that is in the Greater AntillesBahamas | Cuba | Dominican Republic | Haiti | Jamaica
49%

Score Distribution

Percentile by Number Answered

Percent of People with Each Score

Your Score History

You have not taken this quiz since the last reset